Normal view MARC view
  • Pinkney, David H

Entry Personal Name

Number of records used in: 1

001 - CONTROL NUMBER

  • control field: 108393

003 - CONTROL NUMBER IDENTIFIER

  • control field: NUST

005 - DATE AND TIME OF LATEST TRANSACTION

  • control field: 20230201132222.0

008 - FIXED-LENGTH DATA ELEMENTS

  • fixed length control field: 230201|| aca||aabn | a|a d

040 ## - CATALOGING SOURCE

  • Original cataloging agency: NUST
  • Transcribing agency: NUST

100 ## - HEADING--PERSONAL NAME

  • Personal name: Pinkney, David H

670 ## - SOURCE DATA FOUND

  • Source citation: Work cat.: (NUST)187228: Pinkney, David H., The World of Europe, The Nineteenth Century 1815-1914 /
© 2023 Central Library, National University of Sciences and Technology. All Rights Reserved.